Manual de la sucesión por causa de muerte y donaciones entre vivos

Shranjeno v:
Bibliografske podrobnosti
Glavni avtor: Meza Barros, Ramón (autor)
Format: Knjiga
Jezik:španščina
Izdano: Santiago Jurídica de Chile 2007
Izdaja:8a. ed
Serija:Colección Manuales Jurídicos, 51
Teme:
Oznake: Označite
Brez oznak, prvi označite!

MARC

LEADER 00000nam a2200000 a 4500
001 UCI2894
003 CL-VaPUC
008 070928e20070000CL |||||||||||||||||spa|d
020 |a 9789561015296 
082 0 4 |a 346.052  |b MEZ  |2 21 
100 |a Meza Barros, Ramón  |e autor  |9 764188 
245 1 0 |a Manual de la sucesión por causa de muerte y donaciones entre vivos 
250 |a 8a. ed 
300 |a 244 p 
942 |c BK 
945 |d 20070928 00:00:00  |a jtorresc 
260 |a Santiago  |b Jurídica de Chile  |c 2007 
650 0 |a Derecho sucesorio  |9 255015 
650 0 |a Herencia  |9 256325 
650 0 |a Testamento  |9 258220 
650 0 |a Donaciones  |9 371911 
650 0 |a Herederos  |9 357054 
651 7 |a CHILE  |2 CL-VaPUC  |9 524120 
583 |a last modification  |c 20070928 00:00:00  |k Rodrigo Vera 
490 0 |a Colección Manuales Jurídicos, 51 
999 |c 327308  |d 327306 
952 |0 0  |1 0  |4 0  |6 346_052000000000000_MEZ_2007  |7 0  |8 A  |9 409983  |a BIBDER  |b BIBDER  |d 2019-11-22  |i 437374K  |l 2  |o 346.052 MEZ 2007  |p 437374K  |r 2025-03-31  |s 2025-01-30  |w 2019-11-22  |y BK  |k DER 
952 |0 0  |1 0  |4 0  |6 346_052000000000000_MEZ_2007  |7 0  |8 A  |9 409984  |a BIBDER  |b BIBDER  |d 2019-11-22  |i 4508963  |l 1  |o 346.052 MEZ 2007  |p 4508963  |r 2023-01-25  |s 2022-07-08  |w 2019-11-22  |y BK  |k DER